Statistics for Top 50 Most Valuable Sports Teams

Click here to take the quiz!

General Stats

  • This quiz has been taken 47 times
  • The average score is 36 of 50

Answer Stats

RankLeagueTeamValue (USD Billion)% Correct
15NBALos Angeles Lakers5.9
93%
3NFLNew England Patriots7
84%
1NFLDallas Cowboys9
82%
35NFLKansas City Chiefs4.3
82%
6NFLNew York Giants6.8
82%
2MLBNew York Yankees7.1
82%
13NFLSan Francisco 49ers6
82%
49MLBSan Francisco Giants3.7
82%
9NFLNew York Jets6.1
80%
22NFLSeattle Seahawks5
80%
31NFLGreen Bay Packers4.6
78%
8NFLLas Vegas Raiders6.2
78%
5NFLLos Angeles Rams6.9
78%
16NFLPhiladelphia Eagles5.8
78%
11La LigaReal Madrid6.07
78%
3NBAGolden State Warriors7
76%
43NFLJacksonville Jaguars4
76%
17NFLMiami Dolphins5.7
76%
9NBANew York Knicks6.1
76%
33NFLTennessee Titans4.4
76%
39NBAChicago Bulls4.1
73%
13EPLManchester United6
73%
27NFLMinnesota Vikings4.65
73%
12NFLWashington Commanders6.05
73%
47NFLArizona Cardinals3.8
71%
43NBABoston Celtics4
71%
32MLBBoston Red Sox4.5
71%
39NFLCarolina Panthers4.1
71%
7NFLChicago Bears6.3
71%
30NFLCleveland Browns4.62
71%
21NFLDenver Broncos5.1
71%
19NFLHouston Texans5.5
71%
38NFLLos Angeles Chargers4.15
71%
42NFLNew Orleans Saints4.075
71%
37NFLTampa Bay Buccaneers4.2
71%
49NFLBuffalo Bills3.7
69%
25MLBLos Angeles Dodgers4.8
69%
29NFLPittsburgh Steelers4.625
69%
18La LigaBarcelona5.508
67%
26NFLAtlanta Falcons4.7
64%
23EPLManchester City4.99
64%
28NFLBaltimore Ravens4.63
62%
24BundesligaBayern Munich4.86
62%
34NFLIndianapolis Colts4.35
62%
45NBALos Angeles Clippers3.9
60%
36Ligue 1Paris Saint-Germain4.21
58%
20EPLLiverpool5.288
56%
47F1Mercedes3.8
56%
39MLBChicago Cubs4.1
53%
45F1Scuderia Ferrari3.9
9%

Score Distribution

Percentile by Number Answered

Percent of People with Each Score

Your Score History

You have not taken this quiz